| 000 | 00000nas 2200000zi 4500 |
| 001 | 9.895760 |
| 003 | CaOODSP |
| 005 | 20240403105813 |
| 006 | m o d f |
| 007 | cr cn |||||||| |
| 008 | 210127c20219999oncmr m o s f0###a0eng|d |
| 022 | |a2563-8955 |
| 040 | |aCaOODSP|beng|erda|cCaOODSP |
| 043 | |an-cn--- |
| 086 | 1 |aCS36-28-0001E-PDF |
| 222 | 0|aEconomic and social reports |
| 245 | 00|aEconomic and social reports. |
| 264 | 1|a[Ottawa] : |bStatistics Canada = Statistique Canada, |c2021- |
| 310 | |aMonthly |
| 336 | |atext|btxt|2rdacontent |
| 337 | |acomputer|bc|2rdamedia |
| 338 | |aonline resource|bcr|2rdacarrier |
| 362 | 1 |aBegan with: Vol. 1, no. 1 (January 2021). |
| 500 | |aIssued also in French under title: Rapports économiques et sociaux. |
| 520 | 2 |a"Economic and Social Reports includes in-depth research, brief analyses, and current economic updates on a variety of topics, such as labour, immigration, education and skills, income mobility, well-being, aging, firm dynamics, productivity, economic transitions, and economic geography"--https://www150.statcan.gc.ca/n1/en/catalogue/36280001 |
| 588 | |aDescription based on: Vol. 1, no. 1 (January 2021). |
| 588 | |aLatest issue consulted: Vol. 4, no. 3 (March 2024). |
| 651 | 0|aCanada|xEconomic conditions. |
| 651 | 5|aCanada|xSocial conditions. |
| 710 | 2 |aStatistics Canada, |eissuing body. |
| 775 | 08|tRapports économiques et sociaux.|w(CaOODSP)9.895770 |
| 856 | 40|qHTML|sN/A|uhttps://www150.statcan.gc.ca/n1/en/catalogue/36280001 |